[Event "Novosibirsk Academ Rating"]
[Site "Novosibirsk"]
[Date "2008.05.30"]
[Round "7"]
[White "Nasulenko, Andrei"]
[Black "Lebedev, Mikhail"]
[Result "0-1"]
[WhiteElo "1774"]
[BlackElo "1945"]
[PlyCount "74"]
[EventDate "2008.05.30"]
[EventType "tourn"]
[EventRounds "7"]
[EventCountry "RUS"]
[SourceTitle "EXT 2022"]
[Source "ChessBase"]
[SourceDate "2021.10.06"]
[SourceVersion "1"]
[SourceVersionDate "2021.10.06"]
[SourceQuality "1"]

1. e4 e5 2. Nf3 Nc6 3. Bb5 a6 4. Ba4 Nf6 5. 0-0 Be7 6. Re1 b5 7. Bb3 0-0 8. c3 d5 9. exd5 Nxd5 10. Nxe5 Nxe5 11. Rxe5 c6 12. Bxd5 cxd5 13. d4 Bd6 14. Re1 Qh4 15. g3 Qh3 16. Qf3 Bf5 17. Qxd5 Rfe8 18. Bd2 Rxe1+ 19. Bxe1 Re8 20. Nd2 Bb8 21. Qg2 Qh5 22. f3 Qg6 23. Bf2 Bd3 24. Re1 f5 25. f4 h5 26. Qf3 Bc2 27. Rc1 Be4 28. Nxe4 fxe4 29. Qe2 Bxf4 30. Be3 Bd6 31. Rf1 h4 32. g4 h3 33. Bf4 Bxf4 34. Rxf4 e3 35. Kf1 Qb1+ 36. Qe1 Qxb2 37. Rf3 Qg2# 0-1